[Event "15MCR_F"]
[Site "?"]
[Date "2001.??.??"]
[Round "?"]
[White "Kadlec, Antonin"]
[Black "Masek, Jan"]
[Result "1/2-1/2"]
[WhiteElo "2375"]
[BlackElo "2330"]
[PlyCount "65"]
[EventDate "2001.??.??"]
[EventType "corr"]
[Source "Chess Mail Ltd"]
[SourceDate "2005.07.27"]

1. d4 Nf6 2. Nf3 g6 3. c4 Bg7 4. Nc3 O-O 5. e4 d6 6. Be2 e5 7. O-O a5 8. dxe5
dxe5 9. Bg5 Qxd1 10. Rfxd1 Na6 11. Nd2 h6 12. Bh4 Be6 13. Nd5 Nd7 14. f3 c6 15.
Bf2 Rfe8 16. a4 Bf8 17. Nb3 b6 18. Rd2 f6 19. Ne3 Ndc5 20. Nxc5 Nxc5 21. Bd1
Rad8 22. Rxd8 Rxd8 23. Bc2 Rd4 24. b3 Nd3 25. Rd1 Nxf2 26. Kxf2 Kf7 27. Bd3 h5
28. Ke2 Bc5 29. h4 Ke7 30. g3 Rd8 31. f4 Kd6 32. f5 gxf5 33. Nxf5+ 1/2-1/2

[Event "15MCR_F"]
[Site "?"]
[Date "2001.??.??"]
[Round "?"]
[White "Hybl, Jaroslav"]
[Black "Kostal, Jindrich"]
[Result "1/2-1/2"]
[WhiteElo "2420"]
[BlackElo "2305"]
[PlyCount "52"]
[EventDate "2001.??.??"]
[EventType "corr"]
[Source "Chess Mail Ltd"]
[SourceDate "2005.07.27"]

1. d4 Nf6 2. c4 g6 3. Nc3 Bg7 4. e4 d6 5. Nf3 O-O 6. Be2 e5 7. O-O Nc6 8. d5
Ne7 9. Ne1 Nd7 10. Nd3 f5 11. Bd2 fxe4 12. Nxe4 Nf6 13. Nxf6+ Bxf6 14. Bc3 Nf5
15. Bf3 Bg7 16. Be4 Qh4 17. Re1 Nh6 18. g3 Qg4 19. Qxg4 Bxg4 20. f4 exf4 21.
Bxg7 Kxg7 22. Nxf4 Rae8 23. Bg2 Nf7 24. Ne6+ Bxe6 25. dxe6 Ne5 26. Bxb7 Rb8
1/2-1/2

[Event "15MCR_F"]
[Site "?"]
[Date "2001.??.??"]
[Round "?"]
[White "Hybl, Jaroslav"]
[Black "Omelka, Roman"]
[Result "1-0"]
[WhiteElo "2420"]
[BlackElo "2270"]
[PlyCount "95"]
[EventDate "2001.??.??"]
[EventType "corr"]
[Source "Chess Mail Ltd"]
[SourceDate "2005.07.27"]

1. d4 Nf6 2. c4 g6 3. Nc3 Bg7 4. e4 d6 5. Nf3 O-O 6. Be2 e5 7. O-O Nc6 8. d5
Ne7 9. Ne1 Nd7 10. Be3 f5 11. f3 f4 12. Bf2 g5 13. a4 a5 14. Nd3 b6 15. Be1 h5
16. Nf2 Nf6 17. h3 Rf7 18. Nb5 Bf8 19. b4 c5 20. dxc6 Nxc6 21. c5 Be6 22. cxd6
Ne8 23. bxa5 Nxa5 24. Bc3 Nc6 25. Nd3 Bxd6 26. Qd2 Rd7 27. Nxd6 Rxd6 28. Qc2
Rc8 29. Qb1 Nd4 30. Bxd4 Rxd4 31. Qb2 Nd6 32. Nxe5 Nxe4 33. Qb1 Rc5 34. fxe4
Rxe5 35. Bxh5 Bc4 36. Rc1 Qd6 37. Bf3 Kg7 38. Qb2 Rd2 39. Qc3 Qd4+ 40. Qxd4
Rxd4 41. Rcb1 Rd6 42. Rb4 Bf7 43. Rd1 Rxd1+ 44. Bxd1 Rc5 45. Kh2 Rc1 46. Bf3
Be8 47. h4 gxh4 48. Kh3 1-0

[Event "15MCR_F"]
[Site "?"]
[Date "2001.??.??"]
[Round "?"]
[White "Hybl, Jaroslav"]
[Black "Vaindl, Jaroslav"]
[Result "1-0"]
[WhiteElo "2420"]
[BlackElo "2325"]
[PlyCount "75"]
[EventDate "2001.??.??"]
[EventType "corr"]
[Source "Chess Mail Ltd"]
[SourceDate "2005.07.27"]

1. d4 Nf6 2. c4 g6 3. Nc3 Bg7 4. e4 d6 5. Nf3 O-O 6. Be2 e5 7. O-O Nc6 8. d5
Ne7 9. Ne1 Nd7 10. Nd3 f5 11. Bd2 Nf6 12. f3 f4 13. c5 g5 14. cxd6 cxd6 15. Nf2
Ng6 16. Qc2 h5 17. h3 Rf7 18. Rfc1 a6 19. a4 Bf8 20. a5 g4 21. fxg4 hxg4 22.
hxg4 Rg7 23. Na4 Nh4 24. Qd1 Bxg4 25. Nxg4 Nxg2 26. Ra3 Ne3 27. Bxe3 fxe3 28.
Rxe3 Nxg4 29. Bxg4 Qh4 30. Kg2 Rxg4+ 31. Qxg4+ Qxg4+ 32. Rg3 Qxg3+ 33. Kxg3 Re8
34. Kg4 Re7 35. Kf5 Bh6 36. Rg1+ Kh7 37. Nb6 Bf8 38. Nc4 1-0

[Event "15MCR_F"]
[Site "?"]
[Date "2001.??.??"]
[Round "?"]
[White "Ridky, Vladimir"]
[Black "Hala, Martin"]
[Result "1/2-1/2"]
[WhiteElo "2275"]
[BlackElo "2415"]
[PlyCount "84"]
[EventDate "2001.??.??"]
[EventType "corr"]
[Source "Chess Mail Ltd"]
[SourceDate "2005.07.27"]

1. Nf3 Nf6 2. d4 g6 3. c4 Bg7 4. Nc3 d6 5. e4 O-O 6. Be2 e5 7. O-O Nc6 8. d5
Ne7 9. Ne1 Nd7 10. Be3 f5 11. f3 f4 12. Bf2 g5 13. a4 Rf7 14. a5 Bf8 15. c5
Nxc5 16. b4 Nd7 17. Nb5 a6 18. Na7 Nf6 19. Nxc8 Rxc8 20. b5 axb5 21. Bxb5 c5
22. dxc6 bxc6 23. Bd3 d5 24. a6 g4 25. exd5 cxd5 26. fxg4 e4 27. Be2 e3 28. Bh4
Ne4 29. Nf3 Bg7 30. Rc1 Nc3 31. Qd3 Qd6 32. Bxe7 Rxe7 33. Rc2 Nxe2+ 34. Rxe2 d4
35. Rd1 Qg6 36. Kf1 Qxd3 37. Rxd3 Ra7 38. Ra2 Rca8 39. Nxd4 Rxa6 40. Rxa6 Rxa6
41. Nc2 Rg6 42. g3 Rxg4 1/2-1/2

[Event "15MCR_F"]
[Site "?"]
[Date "2001.??.??"]
[Round "?"]
[White "Straka, Zdenek"]
[Black "Hala, Martin"]
[Result "0-1"]
[WhiteElo "2355"]
[BlackElo "2415"]
[PlyCount "120"]
[EventDate "2001.??.??"]
[EventType "corr"]
[Source "Chess Mail Ltd"]
[SourceDate "2005.07.27"]

1. Nf3 Nf6 2. d4 g6 3. c4 Bg7 4. Nc3 d6 5. e4 O-O 6. Be2 e5 7. O-O Nc6 8. d5
Ne7 9. Ne1 Nd7 10. Be3 f5 11. f3 f4 12. Bf2 g5 13. a4 Rf7 14. Nd3 Ng6 15. a5
Nf6 16. c5 h5 17. cxd6 cxd6 18. Nb5 g4 19. Bxa7 Qe7 20. Bb6 Bd7 21. Nc7 Rc8 22.
Rc1 h4 23. fxg4 Nxe4 24. Bf3 Ng5 25. Nf2 h3 26. Nxh3 Nxh3+ 27. gxh3 e4 28. Qc2
Bb5 29. Bxe4 Bxf1 30. Bxg6 Bxh3 31. Bxf7+ Qxf7 32. Qe2 Be5 33. Qf3 Qh7 34. Kh1
Kf7 35. g5 Qh4 36. Rg1 Rh8 37. Qf2 Bg4 38. Qxh4 Bf3+ 39. Rg2 Rxh4 40. Kg1 Bxg2
41. Kxg2 Kg6 42. Bf2 Rh7 43. Ne6 Kf5 44. g6 Rh8 45. Kf3 Kxg6 46. Nxf4+ Kf5 47.
Bg3 Rc8 48. Nd3 Bxg3 49. hxg3 Rc4 50. Ke3 Re4+ 51. Kf3 Rd4 52. Ke3 Rxd5 53. b4
Kf6 54. g4 Rg5 55. Nf2 Ke5 56. Kd3 d5 57. Ke3 d4+ 58. Kd3 Rg8 59. Ke2 Kd5 60.
Kd2 Rh8 0-1

[Event "15MCR_F"]
[Site "?"]
[Date "2001.??.??"]
[Round "?"]
[White "Straka, Zdenek"]
[Black "Kostal, Jindrich"]
[Result "1-0"]
[WhiteElo "2355"]
[BlackElo "2305"]
[PlyCount "98"]
[EventDate "2001.??.??"]
[EventType "corr"]
[Source "Chess Mail Ltd"]
[SourceDate "2005.07.27"]

1. d4 Nf6 2. c4 g6 3. Nc3 Bg7 4. e4 d6 5. Nf3 O-O 6. Be2 e5 7. O-O Nc6 8. d5
Ne7 9. Ne1 Nd7 10. Be3 f5 11. f3 f4 12. Bf2 g5 13. a4 Ng6 14. a5 Rf7 15. c5
Nxc5 16. Bxc5 dxc5 17. Bc4 Kh8 18. a6 Rf6 19. axb7 Bxb7 20. Nd3 Bf8 21. Rf2 c6
22. b3 Bd6 23. Rfa2 a5 24. dxc6 Bxc6 25. Nd5 Rf8 26. Qd2 Ne7 27. Rxa5 Bxd5 28.
exd5 Rxa5 29. Rxa5 Bc7 30. Rb5 Nxd5 31. Nxc5 Ne3 32. Qxd8 Rxd8 33. Ne6 Rd1+ 34.
Kf2 Rd2+ 35. Be2 Rc2 36. Nxg5 h6 37. Ne6 Bd6 38. g3 Nd1+ 39. Ke1 Rxe2+ 40. Kxd1
Rxh2 41. gxf4 exf4 42. Rd5 Be7 43. Nxf4 Kg7 44. Rd2 Rh4 45. Nd5 Kf7 46. Ke2 Bd6
47. Rd1 h5 48. Nc3 Be7 49. Rd7 Ke6 {Cerny prekrocil cas} 1-0

[Event "15MCR_F"]
[Site "?"]
[Date "2001.??.??"]
[Round "?"]
[White "Vrkoc, David"]
[Black "Masek, Jan"]
[Result "1-0"]
[WhiteElo "2355"]
[BlackElo "2330"]
[PlyCount "85"]
[EventDate "2001.??.??"]
[EventType "corr"]
[Source "Opening Master"]
[SourceDate "2009.08.03"]

1. c4 Nf6 2. Nc3 g6 3. g3 Bg7 4. Bg2 O-O 5. e4 d6 6. Nge2 e5 7. O-O Nc6 8. d3
Nh5 9. h3 f5 10. exf5 gxf5 11. f4 Be6 12. Kh2 Qd7 13. Nd5 Kh8 14. Be3 Ne7 15.
Nxe7 Qxe7 16. Qd2 c5 17. Rae1 Rad8 18. b4 b6 19. bxc5 dxc5 20. fxe5 Bxe5 21.
Bf4 Bxf4 22. Nxf4 Nxf4 23. Qxf4 Qf6 24. Re3 Rd7 25. a4 Rfd8 26. g4 Rd4 27. Qc7
R8d7 28. Qc6 R4d6 29. Qf3 Rg7 30. gxf5 Bd7 31. Qf4 Bxa4 32. Bd5 h6 33. Ree1
Qb2+ 34. Kh1 Qf6 35. Rg1 Bc6 36. Rxg7 Bxd5+ 37. cxd5 Kxg7 38. d4 Kh7 39. Qe4
Qf8 40. f6+ Kh8 41. f7 Qxf7 42. Qe5+ Rf6 43. Rf1 1-0

[Event "15MCR_F"]
[Site "?"]
[Date "2001.??.??"]
[Round "?"]
[White "Spal, Milan"]
[Black "Vavrla, Zdenek"]
[Result "1-0"]
[WhiteElo "2425"]
[BlackElo "2320"]
[PlyCount "117"]
[EventDate "2001.??.??"]
[EventType "corr"]
[Source "Opening Master"]
[SourceDate "2009.08.03"]

1. e4 e5 2. Nf3 Nc6 3. d4 exd4 4. Nxd4 Bc5 5. Nxc6 Qf6 6. Qd2 dxc6 7. Nc3 Be6
8. Na4 Bd6 9. Qe3 Nh6 10. h3 O-O 11. g4 Rfe8 12. Bd3 Qd8 13. f4 f5 14. e5 fxg4
15. hxg4 Bxg4 16. Qg3 Qd7 17. Be3 Bf8 18. Kf2 g6 19. Nc5 Bxc5 20. Bxc5 Bh5 21.
Rag1 Ng4+ 22. Ke1 Rad8 23. Rh4 Qd5 24. Bb4 c5 25. Bc3 c4 26. Be2 Nf6 27. Rxh5
Nxh5 28. Bxh5 Qe4+ 29. Be2 Rf8 30. Rf1 b5 31. Rf2 Rf7 32. Kf1 Qh1+ 33. Qg1 Qh6
34. Qg2 Rxf4 35. Bf3 Qh4 36. Bb4 Re8 37. Bd5+ Kg7 38. Bc3 c5 39. e6+ Kf8 40.
Qf3 g5 41. Be5 Qxf2+ 42. Kxf2 Rxf3+ 43. Kxf3 Ke7 44. Ke4 Rf8 45. a4 a6 46. a5
Rf2 47. Bb7 Rxc2 48. Bxa6 b4 49. Kd5 Rd2+ 50. Kxc4 Kxe6 51. Bb8 Rxb2 52. Bc8+
Kf6 53. a6 Rc2+ 54. Kb3 Rc3+ 55. Kb2 Ra3 56. a7 c4 57. Bb7 h5 58. a8=Q Rxa8 59.
Bxa8 1-0

[Event "15MCR_F"]
[Site "?"]
[Date "2001.??.??"]
[Round "?"]
[White "Hlavac, Rudolf"]
[Black "Rybak, Milan"]
[Result "1/2-1/2"]
[WhiteElo "2350"]
[BlackElo "2410"]
[PlyCount "28"]
[EventDate "2001.??.??"]
[EventType "corr"]
[Source "Opening Master"]
[SourceDate "2009.08.03"]

1. e4 e5 2. Nf3 Nc6 3. Bb5 f5 4. Nc3 fxe4 5. Nxe4 Nf6 6. Nxf6+ Qxf6 7. Qe2 Be7
8. Bxc6 dxc6 9. Nxe5 Bf5 10. d3 O-O 11. O-O Bd6 12. f4 Rae8 13. d4 Bxe5 14.
fxe5 Qg6 1/2-1/2